|
|
|
|
| LEADER |
00000cam a2200000 7i4500 |
| 001 |
0000086238 |
| 005 |
20210106.0 |
| 008 |
210106 |
| 020 |
|
|
|a 9789674380632
|
| 041 |
0 |
|
|a Malay
|
| 090 |
0 |
0 |
|a 899.2313
|b DIA
|
| 245 |
1 |
0 |
|a Diam yang lantang :
|b antologi puisi prosa
|
| 260 |
|
|
|a Selangor :
|b Pekan Ilmu Publication Sdn. Bhd. ,
|c 2020
|
| 300 |
|
|
|a 194 p. ;
|c 21.3 cm.
|
| 541 |
0 |
0 |
|c Purchased on 2020
|f 2020/09 EKM
|h RM17.00
|
| 650 |
|
0 |
|a Malau poetry
|
| 700 |
0 |
|
|a Norazimah Abu Bakar
|
| 700 |
0 |
|
|a Rahman Shaari
|
| 999 |
|
|
|a 0001649342
|b Book
|c Adult Collection
|e Cawangan Bandar Tenggara
|
| 999 |
|
|
|a 0001649343
|b Book
|c Adult Collection
|e Cawangan Tangkak
|
| 999 |
|
|
|a 0001649345
|b Book
|c Adult Collection
|e Cawangan Tmn. Ungku Tun Aminah
|
| 999 |
|
|
|a 0001649346
|b Book
|c Adult Collection
|e Cawangan Bandar Penawar
|
| 999 |
|
|
|a 0001649347
|b Book
|c Adult Collection
|e Cawangan Muar
|
| 999 |
|
|
|a 0001649348
|b Book
|c Adult Collection
|e Cawangan Taman Sri Lambak
|
| 999 |
|
|
|a 0001649349
|b Book
|c Adult Collection
|e Cawangan Pontian
|
| 999 |
|
|
|a 0001649350
|b Book
|c Adult Collection
|e Cawangan Kota Tinggi
|
| 999 |
|
|
|a 0001649351
|b Book
|c Adult Collection
|e Cawangan Mersing
|
| 999 |
|
|
|a 0001649352
|b Book
|c Adult Collection
|e Cawangan Bukit Gambir
|
| 999 |
|
|
|a 0001649353
|b Book
|c Adult Collection
|e Cawangan Batu Pahat
|
| 999 |
|
|
|a 0001649354
|b Book
|c Adult Collection
|e Cawangan Segamat
|
| 999 |
|
|
|a 0001650574
|b Book
|c Adult Collection
|e Perbadanan Perpustakaan Awam Johor
|
| 999 |
|
|
|a 0001650575
|b Book
|c Adult Collection
|e Perbadanan Perpustakaan Awam Johor
|
| 999 |
|
|
|a 0001650576
|b Book
|c Adult Collection
|e Cawangan Urban Transformation Centre
|
| 999 |
|
|
|a 0001650577
|b Book
|c Adult Collection
|e Cawangan AEON Kulaijaya
|